000 01029nam a2200229Ia 4500
003 Ost
005 20260507075412.0
008 260507s9999||||xx |||||||||||||| ||und||
040 _cfsecg
041 _aara
082 _a600
100 _aجمعة، إسماعيل إبراهيم
_eمؤلف
245 0 _aدراسات في محاسبة التكاليف في مجالات التخطيط والرقابة /
_c إسماعيل إبراهيم جمعة
260 _aالإسكندرية:
_bدار المطبوعات الجامعية,
_c2008
300 _a656 صفحة؛
_bإيضاحات ؛
_c24 سم
520 _aيضم مفاهيم التكلفة وأسس قياسها، قياس التكلفة لأغراض تحديد تكلفة الإنتاج والمخزون، قياس التكلفة لأغراض التخطيط قياس التكلفة لأغراض الرقابة
653 _aالتخطيط
653 _aالتكاليف
653 _aالرقاية
653 _aمحاسبة التكاليف
942 _cكتاب
999 _c44415
_d44415